000 01779nab a2200253 i 4500
003 BR-BrBNA
005 20250530140020.0
008 250530b2018 bl.qr|pooa||| 00| 0 por |
040 _aBR-BrBNA
_bpor
072 _aF70
100 _aAndreata, Regina Helena Potsch
100 _aWatanabe, Maurício Takashi Coutinho
245 _aFlora das cangas da Serra dos Carajás, Pará, Brasil: Smilacaceae
500 _aPublicação on-line; 6 ref.; 2 illus.; Summaries (En, Pt)
520 _a Resumo Este estudo aborda a família Smilacaceae nas cangas da Serra dos Carajás, no estado do Pará e contém descrições detalhadas, ilustrações e comentários morfológicos das espécies na área.Foram registradas duas espécies: Smilax irrorata e Smilax syphilitica, ambas com distribuição na América do Sul. Palavras-chave: Amazônia, FLONA de Carajás, florística, Smilax, taxonomia. Abstract This study deals with the Smilacaceae family registered for the canga of the Serra dos Carajás, Pará state and provides detailed descriptions, illustrations, and morphological comments of the species in the study area. Two species were recorded: Smilax irrorata and Smilax syphilitica, both found throughout South America. Key words: Amazon, National Forest of Carajás, floristics, Smilax, taxonomy
650 _aAMAZÔNIA
650 _aCARAJÁS
650 _aCOMPOSIÇÃO BOTÂNICA
650 _aTAXONOMIA
773 0 _0709
_9350699
_dRio de Janeiro-RJ Jardim Botanico do Rio de Janeiro 1935
_o2025-3324
_tRodriguésia (Brazil)
_x0370-6583; 2175-7860 on-line
_gv. 69(1) p. 245-250; (2018)
_wBR2025001311
856 _uhttps://www.scielo.br/j/rod/a/p8r3W5VbXgMqkXq879HKxsJ/?format=pdf&lang=pt
942 _cANA
999 _c331820
_d331820